[Event "BCF-ch U140"]
[Site "Coventry"]
[Date "2015.07.31"]
[Round "5"]
[White "Woodhouse, David JF"]
[Black "Boztas, Lana"]
[Result "1-0"]
[WhiteElo "131"]
[BlackElo "1524"]
[PlyCount "61"]
[EventDate "2015.07.27"]
[EventType "swiss"]
[EventRounds "5"]
[EventCountry "ENG"]
[SourceTitle "EXT 2016"]
[Source "ChessBase"]
[SourceDate "2015.10.08"]
[SourceVersion "1"]
[SourceVersionDate "2015.10.08"]
[SourceQuality "1"]

1. e4 c5 2. d3 Nc6 3. Nf3 d6 4. g3 g6 5. Bg2 Bg7 6. c3 Bg4 7. Nbd2 Ne5 8. Qc2 Qc8 9. h3 Nxf3+ 10. Nxf3 Bd7 11. Bf4 e5 12. Be3 c4 13. Nd2 b5 14. f4 Rb8 15. Nf3 Ne7 16. g4 Qc7 17. f5 f6 18. Qd2 Kf7 19. Bh6 Bc6 20. 0-0 Rbd8 21. Bxg7 Kxg7 22. g5 Rhf8 23. gxf6+ Rxf6 24. Ng5 Bd7 25. fxg6 Nxg6 26. Rxf6 Kxf6 27. Rf1+ Kg7 28. Rf7+ Kg8 29. Ne6 Qc8 30. Rg7+ Kh8 31. Qh6 1-0